The Ultimate Top Gun Quiz 🎬 - Statistics

General Stats
  • This quiz has been taken 82 times
  • The average score is 12 of 30
Answer Stats
Hint Answer % Correct
What is LTJG Bradshaw's call sign? Goose
95%
Who was Rooster's father? Goose
95%
In what branch of the military is Maverick enlisted? Navy
84%
What sport did the guys play in this movie? Volleyball
80%
How many rules of engagement did Maverick break during a battle with Jester? 2
75%
Who is Maverick's wingman Iceman
62%
Miles Teller chose____ as it was another bird, like his character's father Goose. Rooster
56%
Who played Iceman? Val Kilmer
56%
In what ocean is Maverick stationed at the start of the film? Indian
52%
Who does the nickname "Maverick" belong to? Pete Mitchell
52%
What is the venomous call sign of the pilot who flew with Maverick's dad? Viper
52%
How old was Tom Cruise when he filmed Top Gun? 24
51%
______ owns and flies several of his own planes, including a World War Two-era P-51 Mustang and a HondaJet. Tom Cruise
49%
"Tower this is Ghost Rider requesting a Flyby
38%
Who was Maverick's wingman who gives up his wings after a risky mission? Cougar
36%
What's the rank of Pete Mitchell? Lieutenant
31%
Who sings the love song 'Take My Breath Away'? Berlin
30%
Who was the director of "Top Gun"? Tony Scott
30%
Who was the in memory of at the end of Top Gun: Maverick? Tony Scott
30%
Who plays Goose' wife? Meg Ryan
28%
Who is Maverick's love interest in the movie? Charlotte Blackwood
26%
What kind of motorcycle does Maverick ride? Kawasaki
18%
Who was Maverick's Rio after Goose dies? Sundown
18%
What does RIO stand for? Radar Intercept Officer
15%
Stunt pilot Art Scholl was tragically killed during the film's shoot, at the age of ____. 54
13%
Who is one of the authors of the film's music? Lady Gaga
8%
What is Charlie's job? Astrophysicist
7%
Top Gun: Maverick was directed by _______. Joseph Kosinski
7%
What is the genre of this movie Top Gun: Maverick? Action Drama
3%
Who was responsible for the distribution of Top Gun? Paramount Pictures
3%
No matching quizzes found
Score Distribution
Percent of People with Each Score
Percentile by Number Answered
Your Score History
You have not taken this quiz